000 00550nam a2200193Ia 4500
005 20260114185817.0
008 008 260114s9999 xx 000 0 eng d
020 _a9781474223713
037 _aEBOOK
040 _aCRL
_beng
_cCRL
041 _aeng
_2eng
084 _qCRL
100 _aMark Mussari
_9874671
245 0 _aDanish Modern Between Art and Design
260 _bBloomsbury
_c2016
856 _uhttps://doi.org/10.5040/9781474223713?locatt=label:secondary_bloomsburyCollections
942 _cEBOOK
999 _c1473605
_d1473605